Voice over IP security / (Record no. 11455)

MARC details
000 -LEADER
fixed length control field 01222cam a2200313 a 4500
001 - CONTROL NUMBER
control field 15412718
005 - DATE AND TIME OF LATEST TRANSACTION
control field 20081106141946.0
008 - FIXED-LENGTH DATA ELEMENTS--GENERAL INFORMATION
fixed length control field 080814s2009 inua b 001 0 eng
010 ## - LIBRARY OF CONGRESS CONTROL NUMBER
LC control number 2008036070
015 ## - NATIONAL BIBLIOGRAPHY NUMBER
National bibliography number GBA894229
Source bnb
016 7# - NATIONAL BIBLIOGRAPHIC AGENCY CONTROL NUMBER
Record control number 014680712
Source Uk
020 ## - INTERNATIONAL STANDARD BOOK NUMBER
International Standard Book Number 9781587054693 (pbk.)
035 ## - SYSTEM CONTROL NUMBER
System control number (OCoLC)ocn229033696
035 ## - SYSTEM CONTROL NUMBER
System control number (OCoLC)229033696
040 ## - CATALOGING SOURCE
Original cataloging agency DLC
Transcribing agency DLC
Modifying agency DLC
050 00 - LIBRARY OF CONGRESS CALL NUMBER
Classification number TK5105.8865
Item number .P37 2009
082 00 - DEWEY DECIMAL CLASSIFICATION NUMBER
Classification number 004.695
Edition number 22
Item number PAR
100 1# - MAIN ENTRY--PERSONAL NAME
Personal name Park, Patrick,
Dates associated with a name 1971-
9 (RLIN) 4425
245 10 - TITLE STATEMENT
Title Voice over IP security /
Statement of responsibility, etc Patrick Park.
246 3# - VARYING FORM OF TITLE
Title proper/short title VoIP security
260 ## - PUBLICATION, DISTRIBUTION, ETC. (IMPRINT)
Place of publication, distribution, etc Indianapolis, Ind. :
Name of publisher, distributor, etc Cisco Press,
Date of publication, distribution, etc c2009.
300 ## - PHYSICAL DESCRIPTION
Extent xix, 361 p. :
Other physical details ill. ;
Dimensions 23 cm.
440 #0 -
-- Cisco Press networking technology series.
-- IP communications
-- 4426
504 ## - BIBLIOGRAPHY, ETC. NOTE
Bibliography, etc Includes bibliographical references p. 342-344 and index.
650 #0 - SUBJECT ADDED ENTRY--TOPICAL TERM
Topical term or geographic name as entry element Internet telephony
General subdivision Security measures.
9 (RLIN) 4427
942 ## - ADDED ENTRY ELEMENTS (KOHA)
Source of classification or shelving scheme Dewey Decimal Classification
Item type Book - Borrowing
Holdings
Withdrawn status Item status Source of classification or shelving scheme Damaged status Not for loan Vendor Home library Current library Shelving location Date acquired Source of acquisition Cost, normal purchase price Serial Enumeration / chronology Total Checkouts Full call number Barcode Date last seen Koha item type
    Dewey Decimal Classification       Central Library Central Library Lower Floor 29/04/2009   340.00 374   004.695 PAR 000016269 15/07/2025 Book - Borrowing